Länder des Britischen Empire - Statistiken

Allgemein
  • Dieses Quiz wurde 66 mal gespielt
  • Das Durchschnittsergebnis liegt bei 32 aus 54
Antwortstatistiken
Kontinent Land % Korrekt
Ozeanien A Australien
96%
Afrika Ä Ägypten
86%
Asien I Indien
80%
Nordamerika K Kanada
80%
Europa I Irland
78%
Ozeanien N Neuseeland
76%
Nordamerika B Belize
74%
Ozeanien F Fidschi
72%
Afrika N Namibia
72%
Afrika S Südafrika
70%
Nordamerika H Honduras
66%
Asien J Jemen
66%
Afrika K Kenia
66%
Ozeanien N Nauru
66%
Afrika U Uganda
66%
Afrika N Nigeria
64%
Ozeanien V Vanuatu
64%
Asien B Brunei
62%
Asien J Jordanien
62%
Afrika L Lesotho
62%
Asien O Oman
62%
Afrika R Ruanda
62%
Afrika T Tansania
62%
Ozenaien T Tonga
62%
Nordamerika B Barbados
60%
Asien I Irak
60%
Europa M Malta
60%
Afrika S Sambia
60%
Afrika S Sudan
60%
Afrika S Südsudan
60%
Afrika G Gambia
58%
Afrika S Simbabwe
58%
Asien B Bahrain
56%
Afrika B Burundi
56%
Afrika E Eswatini
56%
Asien M Malaysia
56%
Ozeanien S Samoa
56%
Afrika S Seychellen
56%
Asien Z Zypern
56%
Afrika B Botswana
54%
Asien M Myanmar
54%
Ozeanien S Salomonen
54%
Europa V Vereinigtes Königreich
54%
Afrika S Somalia
50%
Asien S Singapur
48%
Ozeanien P Papua Neuguinea
46%
Afrika E Elfenbeinküste
44%
Asien M Malediven
40%
Afrika M Mauritius
38%
Asien V Vereinigte arabische Emirate
38%
Asien K Katar
36%
Afrika S Sierra Leone
36%
Asien S Sri Lanka
34%
Nordamerika T Trinidad & Tobago
34%
Keine übereinstimmenden Quizze gefunden
Verteilung der Resultate
Anzahl Personen mit jedem Resultat
Perzentil nach korrekt beantworteten Fragen
Ihre Resultats-Entwicklung
Sie haben dieses Quiz noch nicht gespielt